000 00635nam a2200229Ia 4500
003 OSt
005 20220928121937.0
006 a|||||r|||| 00| 0
007 ta
008 220927b |||||||| |||| 00| 0 eng d
024 _a56815
037 _cTextual
040 _aSDCL
_cSDCL
_beng
041 _2eng
_aeng
082 _aY73(P1450m6).73'N<-K, M2
100 _aWytrwal Joseph A
_9454908
245 0 _aPolish-black encounters.
260 _aMichigan
_bEndurance Press
_c1982
300 _axiii,558p
_ccm.
942 _hY73(P1450m6).73'N<-K, M2
_cTEXL
_2CC
999 _c768619
_d768619